La memoria y el arte: conversaciones con Juan Draghi Lucero
Enregistré dans:
| Auteur principal: | |
|---|---|
| Format: | Livre |
| Langue: | espagnol |
| Publié: |
Mendoza
Ediciones Culturales de Mendoza
1994
|
| Sujets: | |
| Tags: |
Ajouter un tag
Pas de tags, Soyez le premier à ajouter un tag!
|
MARC
| LEADER | 00000nam a2200000 a 4500 | ||
|---|---|---|---|
| 001 | UCM0035 | ||
| 003 | CL-VaPUC | ||
| 008 | 020108e19940000AG |||||||||||||||||spa|d | ||
| 082 | 0 | 4 | |a Ar860.3 |b PRI |2 21 |
| 100 | 0 | |a Prieto Castillo, Daniel |e author |9 466646 | |
| 245 | 1 | 3 | |a La memoria y el arte: conversaciones con Juan Draghi Lucero |
| 300 | |a 107 p | ||
| 942 | |c BK | ||
| 945 | |d 20020108 00:00:00 |a vberengu | ||
| 260 | |a Mendoza |b Ediciones Culturales de Mendoza |c 1994 | ||
| 600 | 0 | 7 | |a DRAGHI LUCERO, JUAN - 1897 |2 CL-VaPUC |9 466647 |
| 650 | 7 | |a ESCRITORES ARGENTINOS |2 CL-VaPUC |9 466648 | |
| 650 | 7 | |a LITERATURA ARGENTINA - CRITICA E INTERPRETACION |2 CL-VaPUC |9 460240 | |
| 583 | |a last modification |c 20020108 00:00:00 |k Rodrigo Vera | ||
| 999 | |c 299102 |d 299100 | ||
| 952 | |0 0 |1 0 |4 0 |6 AR_860_300000000000000_PRI_1994 |7 0 |8 A |9 355252 |a BIBCUR |b BIBCUR |d 2019-11-21 |i 3776514 |o Ar860.3 PRI 1994 |p 3776514 |r 2025-04-22 |w 2019-11-21 |y BK |k PER | ||